| 000 | 01047cam a22002894a 4500 | ||
|---|---|---|---|
| 001 | 3563495 | ||
| 003 | GBCCL | ||
| 005 | 20241126110411.0 | ||
| 008 | 981123s1999 moua b 000 0 eng | ||
| 010 | _a 98054166 | ||
| 020 | _a0570053218 | ||
| 040 |
_aDLC _cDLC _dDLC |
||
| 042 | _apcc | ||
| 050 | 0 | 0 |
_aBX8065.2 _b.V45 1999 |
| 082 | 0 | 0 |
_a230.41 _221 _bVEI |
| 100 | 1 |
_aVeith, Gene Edward, _d1951- _93878 |
|
| 245 | 1 | 4 |
_aThe spirituality of the Cross : _bthe way of the first evangelicals / _cGene Edward Veith, Jr. |
| 260 |
_aSt. Louis, Mo. : _bConcordia Pub. House, _cc1999. |
||
| 300 |
_a127 p. : _bill. ; _c23 cm. |
||
| 504 | _aIncludes bibliographical references (p. 125-127). | ||
| 650 | 0 |
_aSpirituality _xLutheran Church. _93879 |
|
| 650 | 0 |
_aLutheran Church _xDoctrines. _91112 |
|
| 906 |
_a7 _bcbc _corignew _d1 _eocip _f19 _gy-gencatlg |
||
| 942 |
_2ddc _cBK |
||
| 999 |
_c1856 _d1856 |
||